000 00769nam a2200169Ia 4500
008 100122s9999 xx 000 0 und d
082 _b64187
_a294.5924
100 _aगोंदवलेकर
245 _aश्री ब्रम्हचैतन्य महाराज गोंदवलेकर प्रवचने
250 _a8
260 _bगोंदवले / र ब घाणेकर
_c1998
300 _a375
630 _aश्री ब्रम्हचैतन्य महाराज गोंदवलेकर प्रवचने
700 _aगोखले गो सी
730 _aश्री ब्रम्हचैतन्य महाराज गोंदवलेकर प्रवचने
942 _cBOOK
999 _c437830
_d437827